Word Ladder: Ancient Avian Quiz Stats

 Plays Quiz Updated Dec 3, 2012

Support Sporcle.
Go Orange.
Score 0/26 Timer 03:00
1 Play Today
Hint 4-Letter Word % Correct
Secret agent JamesBOND
95.8%
To eat, formallyDINE
95.7%
Group of musiciansBAND
95.2%
Old-fashioned: Rinky-_____DINK
94.4%
Furry animals sometimes used for coatsMINK
93.7%
To grow wearyTIRE
93.6%
Piece for Scrabble or MahjongTILE
93.4%
U2 singer of sunglasses fameBONO
93.1%
To electronically transfer moneyWIRE
92.6%
Tool for a stripper or firemanPOLE
92.1%
Game with mallets and horsesPOLO
91.5%
Kissing diseaseMONO
91.4%
Stem for grapesVINE
91.3%
Hint 4-Letter Word % Correct
Brother of the clothMONK
91%
Had onWORE
90.8%
RepulsiveVILE
89.3%
Wrap tightlyBIND
88.8%
Microsoft's search engineBING
87.8%
Avian animalBIRD
87.7%
Shane Black's 'Kiss Kiss ____ _____'BANG
87.2%
APB to search for fugitivesBOLO
85.7%
Extinct avian from MauritiusDODO
84.8%
Austin Powers's charismaMOJO
84%
To drill into the groundBORE
83.1%
Practice area for martial artsDOJO
82.7%
Tree-bark brownBOLE
77.5%

Today's Daily Dose

Word Ladder
ING Words

Get the Picture
Nearest Volcano

From the Vault

Two Word 'I' Movies Match Up

by ddd62291

Movies 4m
Does it seem like these movies are speaking in the first person?
Remove Ads.
Support Sporcle.
Get the best of Sporcle when you Go Orange. This ad-free experience offers more features, more stats, and more fun while also helping to support Sporcle. Thank you for becoming a member.

Show Comments

Extras

Top Quizzes Today


Score Distribution

Your Account Isn't Verified!

In order to create a playlist on Sporcle, you need to verify the email address you used during registration. Go to your Sporcle Settings to finish the process.

Report this User

Report this user for behavior that violates our Community Guidelines.

Details: